United States Code Αnnοtated. (Record no. 74874)
[ view plain ]
| 000 -LEADER | |
|---|---|
| fixed length control field | 01142nam a2200313 i 4500 |
| 003 - CONTROL NUMBER IDENTIFIER | |
| control field | EG-GICUC |
| 005 - DATE AND TIME OF LATEST TRANSACTION | |
| control field | 20260502152519.0 |
| 008 - FIXED-LENGTH DATA ELEMENTS--GENERAL INFORMATION | |
| fixed length control field | 260502s1962 ua |||fr|||| 000 0 eng d |
| 040 ## - CATALOGING SOURCE | |
| Original cataloging agency | EG-GiCUC |
| Language of cataloging | eng |
| Transcribing agency | EG-GiCUC |
| Modifying agency | EG-GiCUC |
| Description conventions | rda |
| 041 0# - LANGUAGE CODE | |
| Language code of text/sound track or separate title | eng |
| 082 04 - DEWEY DECIMAL CLASSIFICATION NUMBER | |
| Edition number | 21 |
| Classification number | 340.07302 |
| Item number | UN . U |
| 092 04 - LOCALLY ASSIGNED DEWEY CALL NUMBER (OCLC) | |
| Edition number | 21 |
| 099 ## - LOCAL FREE-TEXT CALL NUMBER (OCLC) | |
| Classification number | Law1 10 340.07302 UN . U 1962 |
| 110 1# - MAIN ENTRY--CORPORATE NAME | |
| Corporate name or jurisdiction name as entry element | The United States |
| Form subheading | Laws And Regulations |
| Relator term | Author. |
| 245 10 - TITLE STATEMENT | |
| Title | United States Code Αnnοtated. |
| Statement of responsibility, etc. | The United States |
| Number of part/section of a work | Title 47, |
| Name of part/section of a work | Telegraphs, Telephones, And Radiotelegraphs |
| 264 #1 - PRODUCTION, PUBLICATION, DISTRIBUTION, MANUFACTURE, AND COPYRIGHT NOTICE | |
| Place of production, publication, distribution, manufacture | USA: |
| Name of producer, publisher, distributor, manufacturer | West Publishing Co; |
| Date of production, publication, distribution, manufacture, or copyright notice | 1962. |
| 300 ## - PHYSICAL DESCRIPTION | |
| Extent | 485 pages ; |
| Dimensions | 24 cm |
| 336 ## - CONTENT TYPE | |
| Source | rda content |
| Content type term | text |
| 337 ## - MEDIA TYPE | |
| Source | rda media |
| Media type term | Computer |
| 338 ## - CARRIER TYPE | |
| Source | rda carrier |
| Carrier type term | Online Resource |
| 504 ## - BIBLIOGRAPHY, ETC. NOTE | |
| Bibliography, etc. note | Comprising All Laws Of A General And Permanent Nature Under Arrangement Of Official Code Of The Laws Of The United States With Annotations From Federal And State Courts |
| 546 ## - LANGUAGE NOTE | |
| Language note | Text in English |
| 650 1# - SUBJECT ADDED ENTRY--TOPICAL TERM | |
| Topical term or geographic name entry element | Criminal law |
| Source of heading or term | qrmak |
| 651 1# - SUBJECT ADDED ENTRY--GEOGRAPHIC NAME | |
| Source of heading or term | qrmak |
| 710 ## - ADDED ENTRY--CORPORATE NAME | |
| Source of heading or term | Federal |
| 856 40 - ELECTRONIC LOCATION AND ACCESS | |
| Uniform Resource Identifier | <a href="https://fll.law.cu.edu.eg/fulltext/bks/B10-11811.pdf">https://fll.law.cu.edu.eg/fulltext/bks/B10-11811.pdf</a> |
| 905 ## - Cataloger and Reviser Names | |
| Cataloger Name: | Esraa Khaled |
| 942 ## - ADDED ENTRY ELEMENTS (KOHA) | |
| Source of classification or shelving scheme | Dewey Decimal Classification |
| Suppress in OPAC | No |
| Koha item type | Books |
| Edition | 21 |
| Withdrawn status | Lost status | Source of classification or shelving scheme | Damaged status | Not for loan | Collection | Home library | Current library | Date acquired | Total checkouts | Full call number | Barcode | Date last seen | Copy number | Price effective from | Koha item type |
|---|---|---|---|---|---|---|---|---|---|---|---|---|---|---|---|
| Dewey Decimal Classification | Not for loan | القانون الجنائي | جــــامعة القــاهرة | مكتبة كلية الحقوق - المبنى الرئيسي | 02.05.2026 | Law1 10 340.07302 UN . U 1962 1011811 C1 | B10-11811 | 02.05.2026 | 1 | 02.05.2026 | Books |